Action and reaction in world politics: international systems in perspective

Bewaard in:
Bibliografische gegevens
Hoofdauteur: Rosecrance, Richard N (Auteur)
Formaat: Boek
Taal:Engels
Gepubliceerd in: Boston Little, Brown and Company 1963
Onderwerpen:
Tags: Voeg label toe
Geen labels, Wees de eerste die dit record labelt!

MARC

LEADER 00000nam a2200000 a 4500
001 UCT7883
003 CL-VaPUC
008 970317e19630000US |||||||||||||||||eng|d
082 0 4 |a 327.1  |b ROS  |2 21 
100 0 |a Rosecrance, Richard N  |e author  |9 379146 
245 1 0 |a Action and reaction in world politics: international systems in perspective 
300 |a 314 p 
942 |c BK 
945 |d 19970317 00:00:00  |a paguirre 
260 |a Boston  |b Little, Brown and Company  |c 1963 
650 0 |a Relaciones Internacionales  |9 255740 
650 0 |a Política internacional  |9 255813 
650 0 |a Guerra  |9 255876 
650 7 |a GUERRA MUNDIAL  |2 CL-VaPUC  |9 346688 
650 0 |a Imperialismo  |9 258264 
650 7 |a NACIONALISMO  |2 CL-VaPUC  |9 379147 
650 0 |a Diplomacia  |9 256483 
583 |a last modification  |c 19970317 00:00:00  |k Rodrigo Vera 
999 |c 256430  |d 256428 
952 |0 0  |1 0  |4 0  |6 327_100000000000000_ROS_1963  |7 0  |8 A  |9 279162  |a BIBDER  |b BIBDER  |d 2019-11-19  |i 1808869  |o 327.1 ROS 1963  |p 1808869  |r 2023-01-25  |w 2019-11-19  |y BK  |k DER